000 00656nam a2200229 a 4500
001 19576
003 CO-ViMGA
008 141112s2004 ck r 000 u spa d
020 _a8489979947
040 _aCO-ViMGA
_bspa
_cCO-ViMGA
082 0 4 _aJAOm
100 1 _aJaouen, Herve
_928285
245 1 0 _aEl Monstruo del lago negro
260 _aMadrid :
_bIntermon; 1999
300 _a63 p.
490 _aPequeños ciudadanos; 4
590 _aForma de adquisición : Premio Mincultura
650 1 4 _aCUENTOS INFANTILES FRANCESES
_97840
650 1 4 _aMONSTRUOS - CUENTOS INFANTILES
_928286
650 1 4 _aPESCA - CUENTOS INFANTILES
_928287
942 _2ddc
_cBK
999 _c28715
_d28715